000 01706nam a2200265Ia 4500
008 260220t1995||||xx |||||||||||||| ||spa||
020 _a8437604109
040 _aPY-SlUNAC
_bspa
_erda
041 _aspa
082 _a861
_bD332p
100 _ade la Cruz, San Juan
_eAutor
245 0 _aPoesía /
_cpor San Juan de la Cruz [Autor]
250 _aNovena edición
264 _aMadrid :
_bCátedra,
_c℗1995.
300 _a1 volumen
520 _aLa obra de San Juan de la Cruz, un destacado poeta y místico del siglo XVI, se presenta como una fusión de espiritualidad y belleza literaria, reflejando la profunda experiencia de la búsqueda de Dios y la unión mística con lo divino. A través de una rica simbología y un lenguaje evocador, el autor explora temas como la oscuridad, el amor divino y la transformación espiritual. Su poesía, caracterizada por la utilización de metáforas y un estilo que combina elementos del renacimiento y del misticismo, invita al lector a reflexionar sobre la naturaleza del alma y su anhelo de trascendencia. Obras como "Noche oscura del alma" y "Cántico espiritual" son ejemplos notables de su capacidad para expresar la complejidad de la vida espiritual. La edición de Cátedra de 1995 ofrece un análisis detallado de su contexto histórico y literario, así como una interpretación de su legado, consolidando a San Juan de la Cruz como una figura central en la literatura mística y la poesía española.
651 _aEspaña
653 _aLiteratura
653 _aPoesía
942 _b2026/02/17
_cBK
999 _c9184
_d9184